000 00324 a2200109 4500
001 ART_41785
005 20260410161814.0
008 260409a
245 1 0 _aReflexoes sobre a educaçao jurídica
100 1 _aAncona de Faria, Adriana
773 0 _tAcademia
_g- Año 12, Nº 24 (jul./dic. 2014)
_wREV4314
999 _c21704
_d21704